Statistics for Ant-Man (2015) character screen time

Click here to take the quiz!

General Stats

  • This quiz has been taken 53 times
  • The average score is 10 of 18

Answer Stats

screen timeAnswer% Correct
50:30Scott Lang
100%
24:45Dr. Hank Pym
93%
15:45Hope van Dyne
93%
14:30Darren Cross
91%
4:30Cassie Lang
80%
7:00Luis
75%
2:45Dave
59%
2:45Sam Wilson
59%
2:45Kurt
55%
2:15Maggie Lang
50%
:30Janet van Dyne
48%
4:30Officer Jim Paxton
41%
:15Steve Rogers
41%
:45Peggy Carter
36%
1:00Howard Stark
34%
:15James "Bucky" Barnes
34%
1:00Gale
25%
2:15Mitchell Carson
23%

Score Distribution

Percentile by Number Answered

Percent of People with Each Score

Your Score History

You have not taken this quiz